Malaysian management review

Shranjeno v:
Bibliografske podrobnosti
Format: Knjiga
Jezik:Undetermined
Izdano: Kuala Lumpur Malaysian Institute of Management [1966]
Teme:
Oznake: Označite
Brez oznak, prvi označite!
Thư viện lưu trữ: Trung tâm Học liệu Trường Đại học Cần Thơ
LEADER 00499nam a2200181Ia 4500
001 CTU_85629
008 210402s9999 xx 000 0 und d
082 |a 658 
082 |b M239 
245 0 |a Malaysian management review 
260 |a Kuala Lumpur 
260 |b Malaysian Institute of Management 
260 |c [1966] 
526 |a Kinh doanh quốc tế nâng cao 
526 |b KT916 
650 |a management 
650 |z malaysia 
980 |a Trung tâm Học liệu Trường Đại học Cần Thơ